Fernando Soto Harrison : pintor costarricense /

Kaydedildi:
Detaylı Bibliyografya
Yazar: Ulloa Barrenechea, Ricardo
Materyal Türü: Bilinmiyor
Dil:Spanish
Baskı/Yayın Bilgisi: San José, Costa Rica : Editorial de la Universidad Estatal a Distancia, 1995.
Konular:
Etiketler: Etiketle
Etiket eklenmemiş, İlk siz ekleyin!

MARC

LEADER 000000000a22000000004500
001 003643
020 |a 9977648409 
041 0 |a spa 
082 0 4 |a 750   |b U42f 
100 1 |a Ulloa Barrenechea, Ricardo 
245 1 0 |a Fernando Soto Harrison :   |b pintor costarricense /   |c Ricardo Ulloa Barrenechea. 
260 1 |a San José, Costa Rica :   |b Editorial de la Universidad Estatal a Distancia,   |c 1995. 
300 |a 264 páginas ;   |c 27 cm. 
650 4 |a SOTO HARRISON, FERNANDO, 1916- 
650 4 |a PINTORES COSTARRICENSES 
999 |c 10116  |d 10116 
942 |c BK  |h 750 U42f  |2 z